Statistics for Video Games That Start With G

Click here to take the quiz!

General Stats

  • This quiz has been taken 45 times
  • The average score is 6 of 13

Answer Stats

HintGame% Correct
Use a guitar-shaped controller to play well-known rock songs.Guitar Hero
95%
Drive around the city of Los Ang--I mean, Los Santos--and complete missions.Grand Theft Auto V
88%
Spartan warrior is tasked by Athena to kill Ares, who tricked the warrior into killing his own family.God of War
81%
MI6 Agent 007 is tasked with preventing a criminal syndicate from causing a global financial meltdown.GoldenEye 007
81%
Control a spaceship at the bottom of the screen and destroy alien spaceships at the top of the screen.Galaga
57%
Military troops attempt to save the remaining human inhabitants of a planet from a genocidal enemy known as the Locust Horde.Gears of War
52%
A racing game where you can choose to drive 140 different cars and win championships.Gran Turismo
52%
Knight must defeat various monsters and rescue a princess from Satan... twice.Ghosts 'n Goblins
26%
In one of the first multiplayer arcade games, choose a fantasy-themed character to defeat enemies and collect treasure.Gauntlet
21%
Survive as long as possible by destroying and avoiding deadly geometric shapes.Geometry Wars: Retro Evolved
21%
A group of magic teenagers must protect their world from destructive alchemy.Golden Sun
12%
Control a spacecraft named the Vic Viper and defend it from enemy alien spaceships.Gradius
7%
Mercenary family plans to stop a dictatorship from reviving an ancient weapon.Gunstar Heroes
2%

Score Distribution

Percentile by Number Answered

Percent of People with Each Score

Your Score History

You have not taken this quiz